|
|
|
|
| LEADER |
02175nam a2200301 i 4500 |
| 003 |
GR-PaULI |
| 005 |
20250403112819.0 |
| 008 |
200402s2008 gr ||||g ||| 00| 0 gre dhttps://our-nereus.lis.upatras.gr/cgi-bin/koha/cataloguing/addbiblio.pl?biblionumber=144988 |
| 952 |
|
|
|0 0
|1 0
|2 ddc
|4 0
|6 174_296000000000000_89_ΗΘΙ
|7 0
|9 240113
|a LISA
|b LISA
|c BSC
|d 2020-04-02
|i 15794
|l 0
|o 174.296 89 ΗΘΙ
|p 025000267771
|r 2020-04-02 00:00:00
|t 1
|w 2020-04-02
|y BK15
|
| 952 |
|
|
|0 0
|1 0
|2 ddc
|4 0
|6 174_296000000000000_89_ΗΘΙ
|7 0
|9 240495
|a LISP
|b LISP
|c BSC
|d 2020-05-07
|i 142912
|l 0
|o 174.296 89 ΗΘΙ
|p 025000269096
|r 2023-06-12 00:00:00
|t 2
|w 2020-05-07
|y BK15
|
| 952 |
|
|
|0 0
|1 0
|2 ddc
|4 0
|6 174_296000000000000_89_ΗΘΙ
|7 0
|9 242321
|a LISP
|b LISP
|c BSC
|d 2020-08-04
|i 148174
|l 5
|m 1
|o 174.296 89 ΗΘΙ
|p 025000274292
|r 2023-05-18 00:00:00
|s 2023-05-16
|t 3
|w 2020-08-04
|y BK15
|
| 952 |
|
|
|0 0
|1 0
|2 ddc
|4 0
|6 174_296000000000000_89_ΗΘΙ
|7 0
|9 242322
|a LISP
|b LISP
|c BSC
|d 2020-08-04
|i 148175
|l 0
|o 174.296 89 ΗΘΙ
|p 025000274296
|r 2023-05-10 00:00:00
|t 4
|w 2020-08-04
|y BK15
|
| 999 |
|
|
|c 144988
|d 144988
|
| 020 |
|
|
|a 9789608731035
|
| 040 |
|
|
|a GR-PaULI
|b gre
|c GR-PaULI
|d GR-AiPI
|e AACR2
|
| 082 |
0 |
4 |
|2 23
|a 174.296 89
|
| 245 |
1 |
0 |
|a Ηθικά ζητήματα στην ψυχολογία /
|b επιμέλεια Τάνια Αναγνωστοπούλου.
|
| 260 |
|
|
|a Θεσσαλονίκη :
|b Ινστιτούτο Ψυχολογίας και Υγείας,
|c 2008.
|
| 300 |
|
|
|a 462, [2] σ. ;
|c 22 εκ.
|
| 490 |
1 |
|
|a Ψυχολογία και υγεία / Ινστιτούτο Ψυχολογίας και Υγείας ;
|v 5
|
| 504 |
|
|
|6 Περιλαμβάνει βιβλιογραφικές παραπομπές.
|
| 650 |
|
4 |
|9 180591
|a Ψυχολογία
|x Κοινωνικές απόψεις.
|
| 650 |
|
0 |
|a Ψυχολογία
|x Ηθικές απόψεις.
|9 180592
|
| 650 |
|
4 |
|9 180593
|a Ψυχολόγοι
|x Επαγγελματική ηθική.
|
| 700 |
1 |
|
|a Αναγνωστοπούλου, Τάνια
|e επιμελήτρια.
|9 39761
|
| 830 |
|
0 |
|9 180590
|a Ψυχολογία και υγεία (Ινστιτούτο Ψυχολογίας και Υγείας)
|v 5.
|
| 942 |
|
|
|2 ddc
|c BK15
|
| 998 |
|
|
|c ΚΟΚΟΤΟΥ
|d 2020-04
|